Vanished supremacies: (Record no. 18494)

MARC details
000 -LEADER
fixed length control field 00736cam a2200241u 4500
001 - CONTROL NUMBER
control field 6077039
003 - CONTROL NUMBER IDENTIFIER
control field BDDh-ASL
005 - DATE AND TIME OF LATEST TRANSACTION
control field 20231015025718.0
008 - FIXED-LENGTH DATA ELEMENTS--GENERAL INFORMATION
fixed length control field 830630s1958 enk 000 0 eng
010 ## - LIBRARY OF CONGRESS CONTROL NUMBER
LC control number a 59004778
040 ## - CATALOGING SOURCE
Original cataloging agency DLC
Transcribing agency CarP
Modifying agency BDDh-ASL
043 ## - GEOGRAPHIC AREA CODE
Geographic area code e------
050 00 - LIBRARY OF CONGRESS CALL NUMBER
Classification number D359
Item number .N33
082 ## - DEWEY DECIMAL CLASSIFICATION NUMBER
Classification number 940.3
Item number NAV
100 1# - MAIN ENTRY--PERSONAL NAME
Personal name Namier, L. B.
Fuller form of name (Lewis Bernstein),
Dates associated with a name 1888-1960.
245 10 - TITLE STATEMENT
Title Vanished supremacies:
Remainder of title essays on European history, 1812-1918/
Statement of responsibility, etc. by Sir Lewis Namier.
260 ## - PUBLICATION, DISTRIBUTION, ETC.
Place of publication, distribution, etc. London:
Name of publisher, distributor, etc. H. Hamilton,
Date of publication, distribution, etc. 1958.
300 ## - PHYSICAL DESCRIPTION
Extent vi, 179 p. :
Dimensions 23 cm.
651 #0 - SUBJECT ADDED ENTRY--GEOGRAPHIC NAME
Geographic name Europe
General subdivision History
Chronological subdivision 1789-1900.
651 #0 - SUBJECT ADDED ENTRY--GEOGRAPHIC NAME
Geographic name Europe
General subdivision History
Chronological subdivision 1871-1918.
906 ## - LOCAL DATA ELEMENT F, LDF (RLIN)
a 0
b cbc
c premunv
d u
e ncip
f 19
g y-gencatlg
942 ## - ADDED ENTRY ELEMENTS (KOHA)
Source of classification or shelving scheme Dewey Decimal Classification
Koha item type Books
Holdings
Withdrawn status Lost status Source of classification or shelving scheme Damaged status Not for loan Collection code Home library Current library Shelving location Date acquired Source of acquisition Total Checkouts Full call number Barcode Date last seen Copy number Price effective from Koha item type Public note
    Dewey Decimal Classification   Not For Loan Non-fiction Asiatic Society Library Asiatic Society Library Harrison Collection 10/12/2020 Donated by Prof. John B. Harrison   940.3 NAV 101686 10/12/2020 C-1 10/12/2020 Books RARE

Powered by Koha